000 00555nam a2200169 a 4500
001 000027864
005 20240308073619.0
008 110405s2001 dr a 000 0 spa d
100 1 _aRojas, Juan Pradio
_d1963-
_954936
245 1 3 _aEl robo de la santa cruzy otros relatos /
_cJuan Pradio Rojas; prólogo Avelino Stanley.
260 _aSanto Domingo :
_bEditora Cocolo,
_c2001.
_fEditora Búho
300 _a64 p. ;
_c22 cm.
_bil.
700 1 _aStanley, Avelino,
_d1959-
_epról.
_91536
049 _aBNPHU
_bspa
_cBNPHU
049 _aBNPD
999 _c27356
_d27356
040 _aDO-SdBNP